Синтез, исследование свойств, модификация и переработка высокомолекулярных соединений: тезисы докладов межреспубликанской научной конференции студентов вузов СССР

Dades bibliogràfiques
Autor corporatiu: Казанский химико-технологический институт им. С. М. Кирова (КХТИ) (570), Синтез, исследование свойств, модификация и переработка высокомолекулярных соединений
Altres autors: Барабанов В. П. Вильям Петрович (редактор)
Sumari:60-летию КХТИ посвящается
Idioma:rus
Publicat: Казань, [Б. и.], 1979
Matèries:
Format: MixedMaterials Llibre
KOHA link:https://koha.lib.tpu.ru/cgi-bin/koha/opac-detail.pl?biblionumber=678599

MARC

LEADER 00000nam0a2200000 4500
001 678599
005 20251107125313.0
090 |a 678599 
100 |a 20250212d1979 k||y0rusy5003 ca 
101 0 |a rus 
102 |a RU 
105 |a y z 110yy 
181 0 |a i   |b  e  
182 0 |a n 
183 0 |a nc  |2 RDAcarrier 
200 1 |a Синтез, исследование свойств, модификация и переработка высокомолекулярных соединений  |e тезисы докладов межреспубликанской научной конференции студентов вузов СССР  |f Казанский химико-технологический институт им. С. М. Кирова (КХТИ) ; науч. ред. В. П. Барабанов 
203 |a Текст  |b визуальный  |c непосредственный 
210 |a Казань  |c [Б. и.]  |d 1979 
215 |a 182 с. 
283 |a volume  |2 RDAcarrier 
300 |a 60-летию КХТИ посвящается 
606 1 |a Высокомолекулярные соединения  |2 stltpush  |3 (RuTPU)RU\TPU\subj\72650  |9 86071 
610 1 |a полимеры 
610 1 |a химия 
610 1 |a технология 
610 1 |a физика 
610 1 |a стабилизация 
610 1 |a модификация 
610 1 |a переработка 
610 1 |a физико-химические исследования 
610 1 |a применение 
610 1 |a конференции 
675 |a 678(063)  |v 4 
702 1 |a Барабанов  |b В. П.  |g Вильям Петрович  |4 340 
712 0 2 |a Казанский химико-технологический институт им. С. М. Кирова (КХТИ)  |c (1935-1992)  |3 (RuTPU)RU\TPU\col\3704  |4 570 
712 1 2 |a Синтез, исследование свойств, модификация и переработка высокомолекулярных соединений  |c конференция  |e Казань  |f 1979  |4 570 
801 0 |a RU  |b 63413507  |c 20250212 
830 |a Ретро2025Каталогизация Шило 
942 |c BK